000 00612cam a2200217Ii 4500
001 4686040
003 ARRUPE
005 20141003125605.0
008 780728s1956 ctu 000 0 eng d
035 _a(OCoLC)ocm04094356
035 _a(NNC)4686040
040 _aKAT
_cKAT
098 _aFS90
100 1 _aRaven, Charles E.
_q(Charles Earle),
_d1885-1964.
_912040
245 1 0 _aChrist and the modern opportunity /
_cby Charles E. Raven.
260 _aGreenwich, Conn. :
_bSeabury press,
_c1956.
300 _a88 p. ;
_c23 cm.
600 0 0 _aJesus Christ.
_912041
942 _2lcc
_cMONOGRAPH
999 _c121073
_d121073